000
00205 a2200097 4500
001
9228
100
_a
Khadduri, M.
245
_a
The Islamic law of nations
260
_a
_b
Hopkins
_c
090
_c
7398
_d
7398
942
_a
NUST-CAE
_c
M
_c
34042
999
_c
244301
_d
244301